000 01547nam a2200265 i 4500
003 DO-SdBNP
005 20260513150835.0
007 ta
008 260513e2025 dr ||||gr|||||||| | spa d
020 _a9789945656718
040 _aDO-SdBNP
_bspa
_cBNPHU
_erda
041 _aspa
082 _bEv92 2025
100 _aEvangelista de la Cruz, Sicta,
_d1967-
_989554
_eautor
245 _aCelinés :
_bandanzas de una mujer visionaria /
_cSicta Evangelista De La Cruz.
264 _aSanto Domingo, República Dominicana :
_bSantuario,
_c2025.
300 _a160 páginas ;
_c23.5 x 15 cm.
336 _atexto
_btxt
_2rdacontent
337 _asin mediación
_bn
_2rdamedia
338 _avolumen
_bnc
_2rdacarrier
500 _aIncluye biografía de la autora en solapa.
520 _aLa historia de Celinés comienza en una madrugada de abril, en un humilde rancho donde la vida se abría paso entre la pobreza y la esperanza. Criada por Mon y Pancha en el campo dominicano, su infancia estuvo marcada por el trabajo duro, la escasez y los sueños aparentemente inalcanzables, como el de volar en avión y recorrer el mundo. A través de mudanzas forzadas, jornadas de cosecha, trueques y esfuerzos comunitarios, Celinés creció con una visión clara: superar las limitaciones que la rodeaban. Su paso por la escuela estuvo lleno de retos, desde estudiar con uniformes distintos a los de sus compañeros hasta enfrentarse a la falta de recursos para continuar una carrera universitaria.
590 _aInventariado, 2026/WG.
942 _2ddc
_cLBS1
999 _c60733
_d60733